Statistiche per Quiz sui Paesi Bassi

Clicka qui per fare il quiz!

Statistiche generali

  • Questo quiz è stato fatto 1.608 volte
  • Il punteggio medio è 13 su 24

Statistiche sulle risposte

DomandaRisposta% Corretto
Città più popolosaAmsterdam
99%
Nazione confinanteBelgio
97%
Nazione confinanteGermania
96%
Lingua ufficialeOlandese
91%
Dipinse "Notte stellata"Vincent Van Gogh
89%
Città più popolosaRotterdam
86%
Sport nazionaleCalcio
76%
Fiore i cui prezzi aumentarono a dismisura, provocando una "bolla speculativa", nel XVII secoloTulipani
75%
Città più popolosaL'Aia
60%
Traduci questa parola: "Dankjewel"Grazie
58%
Infrastrutture edificate lungo le coste per evitare le inondazioniDighe
52%
Scarpa in legnoZoccoli / Clog / Klomp
49%
Famosa marca di birreHeineken
45%
Paese che un tempo era chiamato Indie Orientali OlandesiIndonesia
44%
Teologo e umanista, scrisse l' "Elogio della follia"Erasmo da Rotterdam
36%
Lo scienziato Antonie van Leeuwenhoekche fu il primo ad osservarli (due parole)Organismi {unicellulari}
35%
Titolo attribuito all'erede al tronoPrincipe d'{Orange}
35%
Dipinse "Ronda di notte"Rembrandt
29%
Grande compagnia petroliferaRoyal Dutch Shell
29%
Vecchia valutaFiorino olandese
24%
Isola caraibica condivisa con la FranciaSaint Martin
23%
Tratto di mare prosciugato artificialmente grazie alle strutture della domanda precedentePolder
22%
La più importante società bancariaING
18%
Attuale sovranoGuglielmo Alessandro
11%

Distribuzione punteggi

Percentile per numero di risposta

Percentuale di utenti per punteggio

I tuoi punteggi nel tempo

Non hai fatto questo quiz